000 00284nam a2200133Ia 4500
100 _aHolzner/S
942 _cBK
654 _aC Programming
245 _aC Programming
260 _bPrentice Hall of India
_aNEW DELHI
_c1992
300 _a573
546 _aENGLISH
999 _c30959
_d30959